00420 2200181 4500245003500000020002200035250001100057100001300068700001700081700001500098650001700113005001900130260003300149041001400182084001000196300002300206336000900229 aSweet Escape 2cKiyoshinhText a978-602-6383-36-5 aCet. 1 aKiyoshin aM. Novianita a@kiyoshin_ aKomik Remaja a20250106100851 aJakartabPenerbit Haruc2017 aIndonesia a741.5 a156 hlm. :c20 cm. atext